| 000 | 01958nam a2200289 a 4500 | ||
|---|---|---|---|
| 001 | ASIN8493923125 | ||
| 003 | OSt | ||
| 005 | 20180116192428.0 | ||
| 008 | 150712s2014 xxu eng d | ||
| 020 |
_a8493923125 (paperback) _c$32.50 |
||
| 020 | _a9788493923129 (paperback) | ||
| 020 | _a 8493923125 | ||
| 040 | _c0 | ||
| 050 | 0 | 4 | _aN6988.5.C64 |
| 082 | 0 | 4 | _a709.47 |
| 100 | 1 |
_aGan, Aleksei. _98134 |
|
| 245 | 1 | 0 |
_aConstructivism / _cAleksei Gan, Christina Lodder. |
| 260 |
_aBarcelona : _bTenov Books, _c2014. |
||
| 300 |
_a178 p. ; _c22 cm. |
||
| 520 | _aPublished in 1922 in Russian, Aleksei Gan’s Constructivism was the first theoretical treatise of postrevolutionary Russia’s emergent Constructivist movement. Fired with revolutionary zeal, it was unquestionably a declaration of war on traditional bourgeois art. Constructivism recasts artists and architects as Constructors, turning away from aesthetic or speculative problems in art and instead focusing on the fusion of art with everyday life in order to create a functional system of design, one in keeping with the great task of building the new communist society. This edition replicates Gan’s original layout, which was one of the first experiments in Constructivist typography and graphic design, and it also presents a substantial introductory essay by art historian Christina Lodder that examines Gan’s own odd, mercurial character and the tracks he left across avant-garde Russian graphics, architecture, film, and theater. Nearly a century later, Constructivism remains a powerful manifesto, and this new translation will help scholars trace its enduring influence on twentieth-century art and design. | ||
| 650 | 0 |
_aArt, Soviet _98135 |
|
| 650 | 0 |
_aConstructivism (Art) _98136 |
|
| 650 | 0 |
_aSoviet Union _98137 |
|
| 700 | 1 |
_aLodder, Christina. _98138 |
|
| 856 | 4 | 0 |
_3Amazon.com _uhttp://www.amazon.com/exec/obidos/ASIN/8493923125/chopaconline-20 |
| 942 |
_2ddc _cBK |
||
| 999 |
_c354089 _d354089 |
||